Statystyki dla Najwyższe szczyty gór w Polsce

Kliknij tutaj aby rozwiązać quiz!

Ogólne statystyki

  • Ten quiz został rozwiązany 23 razy
  • Średni wynik to 4 z 10

Statystyki odpowiedzi

WysokośćSzczyty gór w Polsce% Poprawnych
2499 mRysy
100%
1603 mŚnieżka
90%
1725 mBabia Góra
57%
1346 mTarnica
57%
1310 mTurbacz
38%
1262 mRadziejowa
24%
1257 mSkrzyczne
14%
1170 mMogielica
10%
1126 mWysoka Kopa
5%
1124 mPostawna
0%

Rozkład punktacji

Percentyl według liczby udzielonych odpowiedzi

Procent ludzi z każdym wynikiem

Twoja historia wyników

Nie rozwiązałeś tego quizu